000 00705nam a2200169 a 4500
008 081002s2007 ||||||||||||||||| || u
050 _aIBRD(08)
100 _aNauges, Celine
245 1 0 _aHow "natural" are natural monopolies in the water supply and sewerage sector?: case studies from developing and transition economies
260 _aWashington, D. C.
_bWorld Bank
_c2007
300 _a38p. :ill.
350 _a0.00
490 _aPolicy Research Working Paper
650 0 _aECONOMICS
700 _aVan Den Berg, Caroline
995 _D0.00
_FCBU-MAIN LIBRARY (Kitwe)
_H1
_I0.00
_M1
_UAVAILABLE
_WOct 2, 2008
_ZInternational Publications
999 _c45776
_d45776